Edgar Rodas Andrade : ciencia y servicio : libro de homenaje /

Detalles Bibliográficos
Autor principal: Salgado Arteaga, Francisco (Autor)
Otros Autores: Edgar Rodas Andrade (honouree.)
Formato: Electrónico eBook
Lenguaje:español
Publicado: Cuenca, Ecuador : Universidad del Azuay, Casa Editora, [2022]
Colección:Homo (Universidad del Azuay, Casa Editora)
Materias:
Acceso en línea:Digitalia Hispánica

MARC

LEADER 00000nam a2200000 i 4500
001 DIGUAZUAY0171
003 NyNyDIG
007 cr |||||||||||
008 260115s2022 ec ob 010 0bspa d
006 m o d
035 |a (OCoLC)1438857439 
040 |a DGITA  |b eng  |e rda  |e pn  |c DGITA 
020 |a 9789942847805  |q eBook 
020 |z 9789942847799 
043 |a s-ec--- 
050 1 4 |a R483.R7 ebook 
245 0 0 |a Edgar Rodas Andrade :  |b ciencia y servicio : libro de homenaje /  |c autores, Francisco Salgado Arteaga [and 12 others]. 
264 1 |a Cuenca, Ecuador :  |b Universidad del Azuay, Casa Editora,  |c [2022] 
300 |a 1 online resource. 
336 |a text  |b txt  |2 rdacontent 
337 |a computer  |b c  |2 rdamedia 
338 |a online resource  |b cr  |2 rdacarrier 
347 |a text file  |2 rdaft 
347 |b PDF 
490 1 |a Homo 
504 |a Includes bibliographical references. 
588 0 |a Online resource; title from PDF title page (Digitalia, viewed January 15, 2026) 
600 1 0 |a Rodas Andrade, Edgar. 
650 0 |a Physicians  |z Ecuador  |z Azuay  |v Biography. 
700 1 |a Edgar Rodas Andrade,  |e honouree. 
700 1 |a Salgado Arteaga, Francisco,  |e author. 
791 2 |a Digitalia (Firm),  |e distributor. 
793 0 |g Digitalia eBook Collection:  |a Universidad del Azuay 
776 0 8 |i Print version:  |t Edgar Rodas Andrade.  |d Cuenca, Ecuador : Universidad del Azuay, Casa Editora, [2022]  |z 9789942847799 
830 0 |a Homo (Universidad del Azuay, Casa Editora) 
856 4 0 |3 Digitalia Hispánica  |u https://www.digitaliapublishing.com/a/133556/ 
910 |a Premium collection: 2026